Most Popular Chinese Dishes - Statistics

General Stats
  • This quiz has been taken 40 times
    39 since last reset
  • The average score is 6 of 12
Answer Stats
Picture Answer % Correct
Baozi
94%
Orange Chicken (Chen Pi Ji)
76%
Spring Rolls (Chun Juan)
76%
Wonton
68%
Chow Mein
56%
Peking Duck
56%
Mooncake (Yuebing)
53%
Lo Mein
44%
Sweet and Sour Pork
35%
Kung Pao Chicken
32%
Mapo
26%
Jiaozi
15%
No matching quizzes found
Score Distribution
Percent of People with Each Score
Percentile by Number Answered
Your Score History
You have not taken this quiz since the last reset